000 01591nam0a2200361 4500
001 RU\NLR\BIBL_A\012241987
005 20200723135654.0
010 _a978-5-907211-99-5
_91500
021 _aRU
_bКН-П-20-004311
_9КН-П-20-0325
035 _a(NLR Aleph) 012241987
035 _a(RuMoRGB)010238606
090 _a11035778
_c11035778
100 _a20200310d2019 k y0rusy50 ca
101 0 _arus
102 _aRU
105 _aab||z|||000zy
181 0 _ai
_baxxe
182 0 _an
200 1 _aВоенно-доктринальный базис внешней политики США
_fФ.И. Ладыгин, С.В. Афанасьев
203 _aТекст
_bвизуальный
_cнепосредственный
205 _a[Изд. 2-е, доп.]
215 _a207 с.
_cил., цв. ил., карт.
_d21
300 _aНа 4-й с. обл. авт.: Ладыгин Ф.И., ген.-полк., Афанасьев С.В., ген.-лейтенант
313 _a1-е изд. 2017
607 _aСоединенные Штаты Америки
_xВоенная политика
_z20 - 21 вв.
_92450594
_3RU\NLR\AUTH\661457068
686 1 _aЦ8(7США)1
700 1 _aЛадыгин
_bФ. И.
_gФедор Иванович
701 1 _7ca
_8rus
_aАфанасьев
_bС. В.
_cспециалист в обл. междунар. политики
_gСергей Васильевич
_9185038
_3RU\NLR\AUTH\770185089
942 _cBOOK
980 _aNBR
980 _aNB